000 00494nam a2200181Ia 4500
005 20250326124356.0
008 250326s9999 xx 000 0 und d
037 _aTextbook
040 _aFMSL
_beng
_cFMSL
041 _aeng
_2eng
084 _aX:77x L4
_qFMSL
100 _aDavid P A
245 0 _aNations and households in economic growth
_cDavid P A; Reder M W
260 _aNY
_bNY, Academic
_c1974
300 _a411p
942 _cTB
_hX:77x L4
999 _c1273474
_d1273474